000 00344nam a2200133Ia 4500
008 100328s9999 xx 000 0 und d
082 _b34838
100 _aबोरकर कमलाकर
245 _aतडीपार
260 _bत्रिदल
630 _aतडीपार
730 _aतडीपार
942 _cBOOK
999 _c524893
_d524890